000 01315cam a22002655a 4500
001 ##L131504
008 051108s2006 xxkdo f 000 0 eng d
020 _a1842192469
035 _a(Sirsi) u131504
041 0 _aeng
050 0 4 _a333.332 $1 8
100 1 _aCallaghan, Stephen
245 0 0 _aHomebuyer survey to home condition report
_bmaking the change
260 _aLondon
_bRICS
_c2006
300 _a149p.
_c30cm.
350 _a45
520 _aCurrently only one in five home buyers has any form of survey carried out. From June 2007, sellers will be required to provide a Home Condition Report (HCR) in England and Wales. This book has been written for potential licensed home inspectors, as well as professionals already involved in the preparation of residential building reports. It aims to provide a clear understanding of the background and requirements of HCR framework; understand the evolution of the residential survey marketplace; and instruct professionals on how to improve existing skills and strengths.
590 _aIKA310106
650 2 4 _aRICS HOMEBUYER SURVEY AND VALUATION
650 _aHOUSING ACT 2004 PART V
651 4 _aUnited Kingdom
_y
690 _aPROPERTY-PROPERTY VALUATION AND APPRAISAL
710 2 _aRoyal Institution of Chartered Surveyors
_94900
942 _n0
999 _c104774
_d104774